00726nam a2200241 a 450000100060000000300080000600500170001400800410003103500190007204000270009104100080011808200210012624500830014726000380023030000260026849000450029450400200033965000160035983000090037570000250038471000380040983000370044734005BD-RjUL20211209052107.0500101s1964 ne a 001 0 eng d a(BD-RjUL)34098 aDLCbengcDLCdBD-RjUL aeng a301.32bPOP 196404aThe population crisis and the use of world resources /cedited by Stuart Mudd. aThe Hague :bDr. W. Junk,cc1964. axix, 562 p. ;c24 cm.1 aWorld Academy of Art and Science ;vv. 2 aIncludes index. 0aPopulation. 0vv. 21 aMudd, Stuart,d1893-2 aWorld Academy of Art and Science. 0aWorld Academy of Art and Science